000 00976nam0a2200289 4500
001 RU\NLR\bibl\503402
005 20250609140733.0
010 _a5-17-021706-4
_bАСТ
010 _a5-9577-0952-2
_bЕрмак
_94000
021 _aRU
_b2004-6884
_9351
035 _a(NLR Aleph) 000495979
090 _a1143463
_c1143463
100 _a20040322d2004 |||y0rusy50 ca
101 1 _arus
_ceng
102 _aRU
105 _ay |||||||||
200 1 _aКолыбельная
_eРоман
_fЧак Паланик
_g[Пер. с англ. Т.Ю. Покидаевой]
210 _aМ.
_cАСТ
_cЕрмак
_d2004
215 _a285,[1] с.
_d17
225 1 _aКлассическая и современная проза
686 _aШ6(7США)67-440.4{Лх1979-50}
700 1 _4070
_7ca
_8rus
_aПаланик
_bЧ.
_f1962-
_gЧак
_9217774
_3RU\NLR\AUTH\770217830
801 0 _aRU
_bNLR
_c20040322
_gPSBO
801 1 _aRU
_bNLR
_c20040322
942 _cBOOK
980 _aNB